| 000 | 00402nam a2200157Ia 4500 | ||
|---|---|---|---|
| 999 |
_c6979 _d6979 |
||
| 020 | _a9788170545224 | ||
| 082 | _a306.461538 MIS-A | ||
| 100 | _aMishra, Nidhi | ||
| 245 | 0 | _aAyurved main paryavaran avam samaj | |
| 260 |
_aNew Delhi _bClassical Publishing _c2009 |
||
| 300 | _axxiv, 216 | ||
| 504 | _aincludes bibliography | ||
| 650 | _aMedicine, Ayurvedic | ||
| 650 | _aSocial medicine | ||
| 942 | _cBK | ||